Revista de Derecho Internacional y Comparado

Bibliographic Details
Format: eBook
Language:Spanish
Published: Santo Domingo: Consejo Latinoamericano de Estudiosos del Derecho Internacional y Comparado, 2013 -
Subjects:
Online Access:Acceso restringido

MARC

LEADER 00000nam a22000007a 4500
005 20191025224952.0
007 cr|||| ||||
008 191025c20139999do zn|w s|||| 0|||b1spa d
035 |a 30262 
040 |a vLex 
090 |c 9976  |d 9976 
245 0 0 |a Revista de Derecho Internacional y Comparado  |h [Recurso electrn̤ico] / 
256 |a Servicio en ln̕ea 
260 |a Santo Domingo:  |b Consejo Latinoamericano de Estudiosos del Derecho Internacional y Comparado,  |c 2013 - 
300 |a 1 recurso electrn̤ico 
310 |a Irregular 
362 |a Nð 1 (Ene. 2013) - 
506 1 |a Disponible solo en los productos indicados  |d vLex Global  |d vLex Global (Academic Edition, excluding Law Schools)  |d vLex Global (U.S. Academic Edition, Law Schools)  |d vLex Global (U.S. Academic Edition, excluding Law Schools)  |d vLex Global (Academic Edition, Law Schools) 
650 0 4 |a Derecho Internacional  |z Repb︢lica Dominicana 
740 0 |a vLex Revistas (Servicio en ln̕ea) 
856 4 0 |u http://vlex.com/source/revista-de-derecho-internacional-y-comparado-30262  |z Acceso restringido 
942 |c REV 
999 0 |a International right